'F' Authors Quiz Stats

 Plays Quiz Updated Jun 9, 2018

Challenge
Share
Tweet
Embed
Score 0/20 Timer 06:00
0 Plays Today
Hint Answer % Correct
The Great Gatsby (1925), Tender is the Night (1934)F. Scott Fitzgerald
97.1%
The Diary of a Young Girl (1947)Anne Frank
89.4%
Casino Royale (1952), Dr. No (1958)Ian Fleming
86.9%
The Sound and the Fury (1929), As I Lay Dying (1930)William Faulkner
82.2%
Madame Bovary (1857), Sentimental Education (1869)Gustave Flaubert
70.5%
Howards End (1910), A Passage to India (1924)E.M. Forster
57.9%
Gone Girl (2012), Sharp Objects (2006)Gillian Flynn
55.8%
Poor Richard's Almanack (1732-1758), The Autobiography of [Author] (1771-1790)Benjamin Franklin
54.3%
The Pillars of the Earth (1989), World Without End (2007)Ken Follett
35.1%
The Corrections (2001), Freedom (2010)Jonathan Franzen
32%
Hint Answer % Correct
The Day of the Jackal (1971), The Odessa File (1972)Frederick Forsyth
31.8%
Dragon Rider (1997), The Thief Lord (2000), Inkheart (2003)Cornelia Funke
29.4%
Bridget Jones's Diary (1996)Helen Fielding
29%
The African Queen (1935), Lord Hornblower (1946)C.S. Forester
28%
The Magus (1966), The French Lieutenant's Woman (1969)John Fowles
27.8%
The Fifth Queen (1906), The Good Soldier (1915)Ford Madox Ford
25.2%
Everything Is Illuminated (2002), Extremely Loud and Incredibly Close (2005)Jonathan Safran Foer
24.8%
So Big (1924), Cimarron (1929)Edna Ferber
17.5%
Madness and Civilization (1964), The History of Sexuality (1976-84)Michel Foucault
14.6%
A Million Little Pieces (2003), My Friend Leonard (2005)James Frey
13.4%

You're not logged in!

Compare scores with friends on all Sporcle quizzes.
OR
Log In

You Might Also Like...

Show Comments

Extras

Top Quizzes Today


Score Distribution

Your Account Isn't Verified!

In order to create a playlist on Sporcle, you need to verify the email address you used during registration. Go to your Sporcle Settings to finish the process.

Report this User

Report this user for behavior that violates our Community Guidelines.

Details: